<?xml version="1.0" encoding="UTF-8"?>
<record
    xmlns:xsi="http://www.w3.org/2001/XMLSchema-instance"
    xsi:schemaLocation="http://www.loc.gov/MARC21/slim http://www.loc.gov/standards/marcxml/schema/MARC21slim.xsd"
    xmlns="http://www.loc.gov/MARC21/slim">

  <leader>01131nam2a22002651  4500</leader>
  <controlfield tag="001">v19\rc\2027593</controlfield>
  <controlfield tag="005">20251118181515.7</controlfield>
  <datafield tag="035" ind1=" " ind2=" ">
    <subfield code="a">(NLR Aleph) 005107786</subfield>
  </datafield>
  <datafield tag="090" ind1=" " ind2=" ">
    <subfield code="a">7460474</subfield>
    <subfield code="c">7460474</subfield>
  </datafield>
  <datafield tag="100" ind1=" " ind2=" ">
    <subfield code="a">20080925d1916    u  y0rusy50      ca</subfield>
  </datafield>
  <datafield tag="101" ind1="0" ind2=" ">
    <subfield code="a">rus</subfield>
  </datafield>
  <datafield tag="102" ind1=" " ind2=" ">
    <subfield code="a">RU</subfield>
  </datafield>
  <datafield tag="105" ind1=" " ind2=" ">
    <subfield code="a">y   z   |||||</subfield>
  </datafield>
  <datafield tag="200" ind1="0" ind2=" ">
    <subfield code="a">&#x412;&#x44B;&#x43F;. 1</subfield>
  </datafield>
  <datafield tag="210" ind1=" " ind2=" ">
    <subfield code="d">1916</subfield>
  </datafield>
  <datafield tag="215" ind1=" " ind2=" ">
    <subfield code="a">[4], XII, 94 &#x441;.</subfield>
  </datafield>
  <datafield tag="461" ind1=" " ind2="0">
    <subfield code="1">001v19\rc\2027592</subfield>
    <subfield code="1">2001#$a&#x420;&#x435;&#x43C;&#x435;&#x441;&#x43B;&#x435;&#x43D;&#x43D;&#x44B;&#x435; &#x43A;&#x443;&#x440;&#x441;&#x44B; &#x434;&#x43B;&#x44F; &#x443;&#x432;&#x435;&#x447;&#x43D;&#x44B;&#x445; &#x432;&#x43E;&#x438;&#x43D;&#x43E;&#x432;$e&#x41F;&#x440;&#x438;&#x43C;&#x435;&#x440;. &#x43F;&#x43B;. &#x443;&#x441;&#x442;&#x440;&#x43E;&#x439;&#x441;&#x442;&#x432;&#x430; &#x43A;&#x443;&#x440;&#x441;&#x43E;&#x432;. &#x412;&#x44B;&#x43F;. 1-$f&#x41C;-&#x432;&#x43E; &#x442;&#x43E;&#x440;&#x433;. &#x438; &#x43F;&#x440;&#x43E;&#x43C;. &#x423;&#x447;&#x435;&#x431;. &#x43E;&#x442;&#x434;&#x435;&#x43B;$v&#x412;&#x44B;&#x43F;. 1</subfield>
    <subfield code="9">7460466</subfield>
    <subfield code="c">&#x41F;&#x435;&#x442;&#x440;&#x43E;&#x433;&#x440;&#x430;&#x434;</subfield>
    <subfield code="d">1916</subfield>
    <subfield code="f">&#x41C;-&#x432;&#x43E; &#x442;&#x43E;&#x440;&#x433;. &#x438; &#x43F;&#x440;&#x43E;&#x43C;. &#x423;&#x447;&#x435;&#x431;. &#x43E;&#x442;&#x434;&#x435;&#x43B;</subfield>
    <subfield code="n">&#x442;&#x438;&#x43F;. &#x428;&#x442;&#x430;&#x431;&#x430; &#x41E;&#x442;&#x434;. &#x43A;&#x43E;&#x440;&#x43F;. &#x43F;&#x43E;&#x433;&#x440;. &#x441;&#x442;&#x440;&#x430;&#x436;&#x438;</subfield>
    <subfield code="o">&#x41F;&#x440;&#x438;&#x43C;&#x435;&#x440;. &#x43F;&#x43B;. &#x443;&#x441;&#x442;&#x440;&#x43E;&#x439;&#x441;&#x442;&#x432;&#x430; &#x43A;&#x443;&#x440;&#x441;&#x43E;&#x432;. &#x412;&#x44B;&#x43F;. 1-</subfield>
    <subfield code="t">&#x420;&#x435;&#x43C;&#x435;&#x441;&#x43B;&#x435;&#x43D;&#x43D;&#x44B;&#x435; &#x43A;&#x443;&#x440;&#x441;&#x44B; &#x434;&#x43B;&#x44F; &#x443;&#x432;&#x435;&#x447;&#x43D;&#x44B;&#x445; &#x432;&#x43E;&#x438;&#x43D;&#x43E;&#x432;</subfield>
    <subfield code="v">&#x412;&#x44B;&#x43F;. 1</subfield>
  </datafield>
  <datafield tag="801" ind1=" " ind2="0">
    <subfield code="a">RU</subfield>
    <subfield code="b">NLR</subfield>
    <subfield code="g">psbo</subfield>
  </datafield>
  <datafield tag="801" ind1=" " ind2="0">
    <subfield code="a">RU</subfield>
    <subfield code="b">RuMoRGB</subfield>
    <subfield code="2">psbo</subfield>
  </datafield>
  <datafield tag="801" ind1=" " ind2="1">
    <subfield code="a">RU</subfield>
    <subfield code="b">ProSoft-M</subfield>
    <subfield code="2">rusmarc</subfield>
  </datafield>
  <datafield tag="852" ind1=" " ind2=" ">
    <subfield code="a">NLR</subfield>
    <subfield code="j">37.77.3.11</subfield>
  </datafield>
  <datafield tag="899" ind1=" " ind2=" ">
    <subfield code="a">RuMoRGB</subfield>
    <subfield code="j">&#x394; 521/169</subfield>
  </datafield>
  <datafield tag="899" ind1=" " ind2=" ">
    <subfield code="a">&#x411;&#x410;&#x41D;</subfield>
  </datafield>
  <datafield tag="942" ind1=" " ind2=" ">
    <subfield code="c">BOOK</subfield>
  </datafield>
  <datafield tag="980" ind1=" " ind2=" ">
    <subfield code="a">NB</subfield>
  </datafield>
  <datafield tag="995" ind1=" " ind2=" ">
    <subfield code="5">2013-10-26</subfield>
    <subfield code="b">NLR02</subfield>
    <subfield code="c">NLR02</subfield>
    <subfield code="e">RFS</subfield>
    <subfield code="f">5107786-10</subfield>
    <subfield code="k">37.77.3.11</subfield>
    <subfield code="o">0</subfield>
    <subfield code="r">BOOK</subfield>
    <subfield code="s">3777311_</subfield>
  </datafield>
  <datafield tag="995" ind1=" " ind2=" ">
    <subfield code="5">2013-10-26</subfield>
    <subfield code="b">NLR01</subfield>
    <subfield code="c">NLR01</subfield>
    <subfield code="e">TEMP</subfield>
    <subfield code="f">5107786-30</subfield>
    <subfield code="o">0</subfield>
    <subfield code="r">BOOK</subfield>
  </datafield>
</record>
